| 000 | 01035cam a22002414a 4500 | ||
|---|---|---|---|
| 999 |
_c7640 _d7640 |
||
| 003 | OSt | ||
| 005 | 20200317114744.0 | ||
| 008 | 101202s2011 nyuab b 000 0 eng | ||
| 020 | _a9781580933117 (hardcover) | ||
| 082 | 0 | 0 |
_a635.091732 _222 _bGOR |
| 100 | 1 | _aGorgolewski, Mark. | |
| 245 | 1 | 0 |
_aCarrot city : _bcreating places for urban agriculture / _cMark Gorgolewski, June Komisar, and Joe Nasr. |
| 250 | _a1st ed. | ||
| 260 |
_aNew York : _bMonacelli Press, _cc2011. |
||
| 300 |
_a240 p. : _bill. (chiefly col.), maps (chiefly col.) ; _c28 cm. |
||
| 504 | _aIncludes bibliographical references. | ||
| 505 | 0 | _aImagining the productive city -- Building community and knowledge -- Redesigning the home -- Producing on the roof -- Components for growing. | |
| 650 | 0 | _aUrban agriculture. | |
| 700 | 1 | _aKomisar, June. | |
| 700 | 1 | _aNasr, Joe. | |
| 856 |
_uhttp://bvbr.bib-bvb.de:8991/F?func=service&doc_library=BVB01&doc_number=024475115&line_number=0001&func_code=DB_RECORDS&service_type=MEDIA _zInhaltsverzeichnis |
||
| 942 | _2ddc | ||